Apprendre l’anglais les aliments/ les boissons - Statistiques

Statistiques générales
  • Ce quiz a été pris 204 fois
  • Le résultat moyen est 39 sur 61
Statistiques - réponses
Français Anglais % Correct
Banane Banana
100%
Pomme Apple
97%
Orange Orange
95%
Tomate Tomato
92%
Lait Milk
89%
Eau Water
89%
Fraise Strawberry
88%
Sucre Sugar
88%
Chocolat Chocolate
87%
Poulet Chicken
86%
Poisson Fish
85%
Jus Juice
84%
Sel Salt
83%
Bière Beer
82%
Fromage Cheese
82%
Hamburger Hamburger
82%
Fruit Fruit
81%
Kiwi Kiwi
79%
Pain Bread
78%
Salade Salad
78%
Cerise Cherry
76%
Gâteau Cake
74%
Glace Ice cream
74%
Poire Pear
74%
Beurre Butter
72%
Boisson Drink
71%
Frites Chips / fries
70%
Riz Rice
69%
Bœuf Beef
68%
Légume Vegetable
68%
Biscuit Biscuit / cookie
66%
Poivre Pepper
65%
Dessert Dessert / pudding
64%
Jambon Ham
64%
Pâtes Pasta
64%
Jus de fruits Fruit juice
63%
Miel Honey
63%
Canard Duck
62%
Alcool Alcohol
61%
Haricot Bean
61%
Oignon Onion
61%
Saucisse Sausage
60%
Moutarde Mustard
57%
Soupe Soup
56%
Pomme de terres Potatoes
55%
Brocoli Broccoli
53%
Confiture Jam
49%
Yaourt Yoghurt
48%
Farine Flour
44%
Poivron Pepper
42%
Framboise Raspberry
42%
Ail Garlic
41%
Dinde Turkey
40%
Mandarine Mandarin
38%
Escargot Snail
37%
Petit pois Pea
31%
Eau gazeuse (pétillante) Sparkling water
30%
Piment Spice / chilli
28%
Asperge Asparagus
19%
Aubergine Aubergine
18%
Purée Purée
9%
Aucun quiz correspondant
Distribution des résultats
% des personnes avec chaque résultat
Percentile par nombre de réponses
Votre historique - résultats
Vous n’avez pas pris ce quiz